[Event "Quebec-ch sf"]
[Site "Montreal CAN"]
[Date "2004.06.19"]
[Round "1"]
[White "Anastasovski, Nikola"]
[Black "Rousseau, Daniel"]
[Result "1-0"]
[WhiteElo "2091"]
[BlackElo "2208"]
[PlyCount "74"]
[GameId "2160767911092288"]
[EventDate "2004.06.??"]
[EventType "swiss"]
[EventRounds "5"]
[EventCountry "CAN"]
[SourceTitle "EXT 2006"]
[Source "ChessBase"]
[SourceDate "2005.11.24"]
[SourceVersion "1"]
[SourceVersionDate "2005.11.24"]
[SourceQuality "1"]

1. e4 e5 2. Nf3 Nc6 3. Bc4 Nf6 4. d3 Bc5 5. Nc3 h6 6. Be3 Bb6 7. h3 d6 8. Qd2 Be6 9. Bb3 d5 10. exd5 Nxd5 11. Ba4 Nxe3 12. Bxc6+ bxc6 13. fxe3 f6 14. O-O O-O 15. Kh1 Qd7 16. e4 c5 17. Nh4 c4 18. Rf3 Rad8 19. Rg3 Kh7 20. Rf1 Qe8 21. Ng6 Rf7 22. Qe2 cxd3 23. cxd3 c6 24. h4 Rfd7 25. b3 Bf7 26. h5 Bxg6 27. hxg6+ Kg8 28. Qc2 Rd6 29. Ne2 Qd7 30. Rff3 Ba5 31. Rh3 Qe8 32. Ng3 Qe6 33. Nf5 R6d7 34. Qc1 Bb4 35. Nxh6+ Kf8 36. Nf5 Ke8 37. Rh8+ Bf8 1-0

[Event "Quebec-ch sf"]
[Site "Montreal CAN"]
[Date "2004.06.19"]
[Round "1"]
[White "Berube, Antoine"]
[Black "Masse, Hugues"]
[Result "0-1"]
[WhiteElo "2011"]
[BlackElo "2249"]
[PlyCount "88"]
[GameId "2160767911092289"]
[EventDate "2004.06.??"]
[EventType "swiss"]
[EventRounds "5"]
[EventCountry "CAN"]
[SourceTitle "EXT 2006"]
[Source "ChessBase"]
[SourceDate "2005.11.24"]
[SourceVersion "1"]
[SourceVersionDate "2005.11.24"]
[SourceQuality "1"]

1. d4 Nf6 2. c4 g6 3. Nc3 d5 4. cxd5 Nxd5 5. e4 Nxc3 6. bxc3 Bg7 7. Bc4 c5 8. Ne2 Nc6 9. Be3 cxd4 10. cxd4 Qa5+ 11. Qd2 Qxd2+ 12. Kxd2 O-O 13. Rhd1 Rd8 14. Ke1 b6 15. Rac1 Bb7 16. d5 Ne5 17. Bb5 a6 18. Ba4 b5 19. Bb3 Rac8 20. Bd4 Rxc1 21. Nxc1 Rc8 22. Ke2 a5 23. Bxe5 Bxe5 24. Nd3 Bxh2 25. Rc1 Rxc1 26. Nxc1 Bc7 27. Bc2 Bc8 28. Bd3 Bd7 29. Nb3 Bb6 30. f3 f6 31. Na1 Kf7 32. Nc2 Bc5 33. Na1 e6 34. Nb3 Bb6 35. dxe6+ Kxe6 36. f4 Kd6 37. Nd2 Bc6 38. Nf3 Kc5 39. e5 Bd8 40. f5 g5 41. exf6 Bxf6 42. g3 a4 43. Nd2 Kd4 44. Nb1 b4 0-1

[Event "Quebec-ch sf"]
[Site "Montreal CAN"]
[Date "2004.06.19"]
[Round "1"]
[White "Charbonneau, Anne-Marie"]
[Black "Beaupre, Jean-Marie"]
[Result "1-0"]
[WhiteElo "2086"]
[BlackElo "1741"]
[PlyCount "101"]
[GameId "2160767911092290"]
[EventDate "2004.06.??"]
[EventType "swiss"]
[EventRounds "5"]
[EventCountry "CAN"]
[SourceTitle "EXT 2006"]
[Source "ChessBase"]
[SourceDate "2005.11.24"]
[SourceVersion "1"]
[SourceVersionDate "2005.11.24"]
[SourceQuality "1"]

1. d4 Nf6 2. c4 e6 3. Nc3 Bb4 4. Qc2 c5 5. dxc5 Bxc5 6. Nf3 Nc6 7. Bg5 h6 8. Bh4 Be7 9. e3 a6 10. Be2 O-O 11. O-O Nh5 12. Bxe7 Qxe7 13. Rfd1 Nf6 14. a3 Rd8 15. Rd2 d5 16. cxd5 exd5 17. Rad1 Be6 18. Nd4 Nxd4 19. Rxd4 Rac8 20. Bf3 Rd7 21. Qb3 Ne4 22. Nxd5 Rxd5 23. Rxd5 Ng5 24. Be2 Bxd5 25. Rxd5 Rc1+ 26. Rd1 Rxd1+ 27. Qxd1 Qc7 28. Bd3 Ne6 29. Qc2 Qxc2 30. Bxc2 b6 31. Kf1 Kf8 32. Ke2 Ke7 33. b4 Nc7 34. Kd3 f5 35. Kc4 Kf6 36. a4 g5 37. a5 bxa5 38. bxa5 Ke5 39. Kc5 f4 40. e4 Ne6+ 41. Kb6 Kd4 42. Kxa6 Kc5 43. Ka7 Kb5 44. a6 Nc5 45. e5 Ka5 46. Bf5 Nxa6 47. e6 Nb4 48. Be4 Na6 49. e7 Nc7 50. Kb7 Ne8 51. Bg6 1-0

[Event "Quebec-ch sf"]
[Site "Montreal CAN"]
[Date "2004.06.19"]
[Round "1"]
[White "Dimev, Kiril"]
[Black "Brousseau, Yvan"]
[Result "1-0"]
[WhiteElo "1643"]
[BlackElo "2070"]
[PlyCount "89"]
[GameId "2160767911092291"]
[EventDate "2004.06.??"]
[EventType "swiss"]
[EventRounds "5"]
[EventCountry "CAN"]
[SourceTitle "EXT 2006"]
[Source "ChessBase"]
[SourceDate "2005.11.24"]
[SourceVersion "1"]
[SourceVersionDate "2005.11.24"]
[SourceQuality "1"]

1. d4 d5 2. c4 c6 3. Nf3 Nf6 4. Nc3 e6 5. e3 Bd6 6. Bd3 O-O 7. O-O Nbd7 8. b3 e5 9. cxd5 cxd5 10. Nb5 Bb8 11. dxe5 Nxe5 12. Bb2 Nxd3 13. Qxd3 a6 14. Nbd4 Bg4 15. Rac1 Qd7 16. Kh1 Bd6 17. Kg1 Rac8 18. h3 Bh5 19. Qf5 Bg6 20. Qxd7 Nxd7 21. Rfd1 h6 22. Nh4 Bh7 23. Ndf5 Rxc1 24. Rxc1 Be5 25. Bxe5 Nxe5 26. Ne7+ Kh8 27. Nxd5 Be4 28. Ne7 g5 29. Nhf5 Nc6 30. f3 Nxe7 31. Nxe7 Re8 32. Rc8 Rxc8 33. Nxc8 Bb1 34. a3 Kg7 35. Nd6 Ba2 36. b4 Bd5 37. Nf5+ Kf6 38. Nxh6 Ke5 39. Ng4+ Kd6 40. Nf6 Bb3 41. Ne4+ Kc6 42. Nxg5 Kb5 43. h4 Ka4 44. h5 f6 45. Ne4 1-0

[Event "Quebec-ch sf"]
[Site "Montreal CAN"]
[Date "2004.06.19"]
[Round "1"]
[White "Godbout, Mathieu"]
[Black "Anastasovski, Nikola"]
[Result "0-1"]
[WhiteElo "1808"]
[BlackElo "2091"]
[PlyCount "56"]
[GameId "2160767911092292"]
[EventDate "2004.06.??"]
[EventType "swiss"]
[EventRounds "5"]
[EventCountry "CAN"]
[SourceTitle "EXT 2006"]
[Source "ChessBase"]
[SourceDate "2005.11.24"]
[SourceVersion "1"]
[SourceVersionDate "2005.11.24"]
[SourceQuality "1"]

1. c4 c5 2. Nc3 Nc6 3. Nf3 e5 4. g3 g6 5. Bg2 Bg7 6. O-O d6 7. d3 h6 8. Ne1 Be6 9. e4 Qd7 10. Nc2 Bh3 11. Rb1 h5 12. Bxh3 Qxh3 13. Nd5 Rc8 14. a3 f5 15. Bg5 Bh6 16. f4 Bxg5 17. fxg5 h4 18. Qf3 hxg3 19. Qxg3 f4 20. Qxh3 Rxh3 21. Rbd1 Rh5 22. h4 Rxh4 23. Rf2 Kf7 24. Rdd2 Nge7 25. Nxe7 Kxe7 26. Rh2 Rch8 27. Rxh4 Rxh4 28. Rh2 Rh5 0-1

[Event "Quebec-ch sf"]
[Site "Montreal CAN"]
[Date "2004.06.19"]
[Round "1"]
[White "Ibrahim, Anthony"]
[Black "Poirier, Erik"]
[Result "1-0"]
[WhiteElo "2272"]
[BlackElo "2029"]
[PlyCount "45"]
[GameId "2160767911092293"]
[EventDate "2004.06.??"]
[EventType "swiss"]
[EventRounds "5"]
[EventCountry "CAN"]
[SourceTitle "EXT 2006"]
[Source "ChessBase"]
[SourceDate "2005.11.24"]
[SourceVersion "1"]
[SourceVersionDate "2005.11.24"]
[SourceQuality "1"]

1. e4 c5 2. Nf3 Nc6 3. d4 cxd4 4. Nxd4 Nf6 5. Nc3 e5 6. Ndb5 d6 7. Nd5 Nxd5 8. exd5 Nb8 9. c4 Be7 10. Be2 O-O 11. Be3 a6 12. Nc3 f5 13. f3 Nd7 14. O-O Bg5 15. Bf2 Qe7 16. Re1 e4 17. Bd4 Bh4 18. g3 Qg5 19. f4 Qh6 20. gxh4 Qxh4 21. Qd2 g5 22. Rf1 Kf7 23. fxg5 1-0

[Event "Quebec-ch sf"]
[Site "Montreal CAN"]
[Date "2004.06.19"]
[Round "1"]
[White "Robidas, Francois"]
[Black "Tessier, Olivier"]
[Result "0-1"]
[WhiteElo "1941"]
[BlackElo "2173"]
[PlyCount "56"]
[GameId "2160767911092294"]
[EventDate "2004.06.??"]
[EventType "swiss"]
[EventRounds "5"]
[EventCountry "CAN"]
[SourceTitle "EXT 2006"]
[Source "ChessBase"]
[SourceDate "2005.11.24"]
[SourceVersion "1"]
[SourceVersionDate "2005.11.24"]
[SourceQuality "1"]

1. e4 c5 2. c3 Nf6 3. e5 Nd5 4. d4 cxd4 5. Nf3 Nc6 6. cxd4 g6 7. Nc3 Nxc3 8. bxc3 Bg7 9. Bf4 Qa5 10. Qd2 O-O 11. d5 Nd8 12. Rc1 e6 13. c4 Qa4 14. Be2 b6 15. O-O Ba6 16. Bh6 Rc8 17. Qf4 exd5 18. Bxg7 Kxg7 19. Qf6+ Kg8 20. Nh4 Qc6 21. Qg5 f6 22. exf6 Nf7 23. Qg4 Qxf6 24. Nf3 Rc7 25. Rfd1 Rfc8 26. Rxd5 Bxc4 27. Bxc4 Rxc4 28. Rxc4 Qa1+ 0-1

[Event "Quebec-ch sf"]
[Site "Montreal CAN"]
[Date "2004.06.19"]
[Round "1"]
[White "Rousseau, Daniel"]
[Black "Liard, Serge"]
[Result "1-0"]
[WhiteElo "2208"]
[BlackElo "1971"]
[PlyCount "55"]
[GameId "2160767911092295"]
[EventDate "2004.06.??"]
[EventType "swiss"]
[EventRounds "5"]
[EventCountry "CAN"]
[SourceTitle "EXT 2006"]
[Source "ChessBase"]
[SourceDate "2005.11.24"]
[SourceVersion "1"]
[SourceVersionDate "2005.11.24"]
[SourceQuality "1"]

1. e4 e6 2. d4 d5 3. Nc3 dxe4 4. Nxe4 Nf6 5. Bg5 Be7 6. Bxf6 Bxf6 7. Nf3 O-O 8. Nxf6+ Qxf6 9. Bd3 c5 10. O-O cxd4 11. Nxd4 e5 12. Nb5 Na6 13. Re1 e4 14. Bxe4 Nc5 15. Bxh7+ Kxh7 16. Qh5+ Kg8 17. Qxc5 Qxb2 18. Nc7 Be6 19. Nxa8 Rxa8 20. Rab1 Qxa2 21. Rxb7 a6 22. h3 Rc8 23. Rc7 Ra8 24. c4 a5 25. Qd4 Re8 26. f4 Qa4 27. Re5 f6 28. Rxe6 1-0

[Event "Quebec-ch sf"]
[Site "Montreal CAN"]
[Date "2004.06.19"]
[Round "1"]
[White "Tremblay, Rejean"]
[Black "Benoit-Deschamps, Jean-Marc"]
[Result "1-0"]
[WhiteElo "2168"]
[BlackElo "1859"]
[PlyCount "111"]
[GameId "2160767911092296"]
[EventDate "2004.06.??"]
[EventType "swiss"]
[EventRounds "5"]
[EventCountry "CAN"]
[SourceTitle "EXT 2006"]
[Source "ChessBase"]
[SourceDate "2005.11.24"]
[SourceVersion "1"]
[SourceVersionDate "2005.11.24"]
[SourceQuality "1"]

1. d4 d5 2. c4 e6 3. Nc3 Be7 4. Bf4 Nf6 5. e3 O-O 6. Rc1 c6 7. Nf3 Nbd7 8. Be2 Re8 9. h3 Qa5 10. O-O Ne4 11. cxd5 Nxc3 12. Rxc3 exd5 13. a3 Qd8 14. b4 Nf6 15. Nd2 Ne4 16. Nxe4 dxe4 17. Bc4 Bd6 18. Qh5 Be6 19. Bxd6 Qxd6 20. Rb1 Red8 21. b5 Bxc4 22. Rxc4 cxb5 23. Qxb5 Rab8 24. a4 Qd7 25. Qxd7 Rxd7 26. Rbc1 Kf8 27. Kh2 Ke7 28. Kg3 f5 29. Kf4 Kf6 30. h4 g6 31. Rc7 Ke6 32. h5 Rg8 33. d5+ Rxd5 34. Rxb7 g5+ 35. Kg3 Rd3 36. Re1 Rd7 37. Rxd7 Kxd7 38. Rb1 Rc8 39. Rb5 Ke6 40. Rb7 h6 41. Rxa7 Rc6 42. Rg7 Ke5 43. Rg6 Rc2 44. f4+ gxf4+ 45. exf4+ Kd4 46. Rxh6 Ke3 47. Re6 Ke2 48. h6 Rc3+ 49. Kh4 Kf2 50. g4 fxg4 51. Kxg4 e3 52. h7 Rc8 53. Kg5 e2 54. Kg6 e1=Q 55. Rxe1 Kxe1 56. f5 1-0

[Event "Quebec-ch sf"]
[Site "Montreal CAN"]
[Date "2004.06.19"]
[Round "2"]
[White "Benoit-Deschamps, Jean-Marc"]
[Black "Berube, Antoine"]
[Result "1-0"]
[WhiteElo "1859"]
[BlackElo "2011"]
[PlyCount "119"]
[GameId "2160767911092297"]
[EventDate "2004.06.??"]
[EventType "swiss"]
[EventRounds "5"]
[EventCountry "CAN"]
[SourceTitle "EXT 2006"]
[Source "ChessBase"]
[SourceDate "2005.11.24"]
[SourceVersion "1"]
[SourceVersionDate "2005.11.24"]
[SourceQuality "1"]

1. d4 d5 2. c4 c6 3. cxd5 cxd5 4. Nc3 Nf6 5. Bf4 Nc6 6. e3 a6 7. Bd3 Qb6 8. Qd2 e6 9. Nf3 Be7 10. O-O O-O 11. Rac1 h6 12. a3 Qd8 13. Na4 Bd7 14. Nc5 Bxc5 15. Rxc5 Qe7 16. Rfc1 Rfc8 17. Ne5 Nh5 18. Nxd7 Qxd7 19. Bg3 Nxg3 20. hxg3 Ne7 21. Qb4 Rc6 22. R1c3 Rac8 23. Qa4 R8c7 24. Kf1 Qc8 25. b4 g6 26. Ke2 Kg7 27. Qc2 Qd8 28. Rxc6 Rxc6 29. Rxc6 Nxc6 30. Qc5 Qd7 31. a4 Qe7 32. b5 Qxc5 33. dxc5 axb5 34. axb5 Nb8 35. e4 Kf6 36. exd5 exd5 37. Ke3 Ke6 38. Kd4 Nd7 39. Bb1 b6 40. c6 Nf6 41. Ba2 Kd6 42. f3 g5 43. g4 h5 44. gxh5 Nxh5 45. Bxd5 f5 46. Bc4 Nf4 47. g4 fxg4 48. fxg4 Ng6 49. Ke4 Ne7 50. Bf7 Kc5 51. Ke5 Kxb5 52. Kd6 Nc8+ 53. Kd7 Na7 54. c7 Kc5 55. c8=Q+ Nxc8 56. Kxc8 Kd4 57. Kc7 b5 58. Kc6 b4 59. Kb5 Kc3 60. Ka4 1-0

[Event "Quebec-ch sf"]
[Site "Montreal CAN"]
[Date "2004.06.19"]
[Round "2"]
[White "Brousseau, Yvan"]
[Black "Robidas, Francois"]
[Result "1-0"]
[WhiteElo "2070"]
[BlackElo "1941"]
[PlyCount "141"]
[GameId "2160767911092298"]
[EventDate "2004.06.??"]
[EventType "swiss"]
[EventRounds "5"]
[EventCountry "CAN"]
[SourceTitle "EXT 2006"]
[Source "ChessBase"]
[SourceDate "2005.11.24"]
[SourceVersion "1"]
[SourceVersionDate "2005.11.24"]
[SourceQuality "1"]

1. b3 e5 2. Bb2 Nc6 3. e3 d5 4. Bb5 Bd6 5. f4 Qh4+ 6. g3 Qe7 7. Nc3 Nf6 8. fxe5 Bxe5 9. Nf3 Bg4 10. Be2 Bd6 11. Nb5 Bc5 12. Nfd4 Bxe2 13. Qxe2 Ne5 14. Nf5 Qd7 15. Nxg7+ Kf8 16. Bxe5 Kxg7 17. O-O Be7 18. Nd4 Kg6 19. Nf5 Bd8 20. Nh4+ Kg7 21. Qf3 Qe6 22. d4 h5 23. Rf2 a5 24. Raf1 Ra6 25. Qf4 Qg4 26. Qxg4+ hxg4 27. Ng2 Rh5 28. Ne1 Kg6 29. Nd3 Rg5 30. Nc5 Ne4 31. Nxe4 dxe4 32. Rxf7 Rc6 33. c4 b5 34. Rd7 Rxe5 35. dxe5 Bg5 36. Kf2 bxc4 37. Rc1 c3 38. Rd5 c2 39. Rd4 Rc3 40. Rxe4 Kf5 41. Rf4+ Kxe5 42. Ke2 Bxf4 43. exf4+ Kd4 44. Kd2 Rd3+ 45. Kxc2 Rf3 46. Kb2 c5 47. Rc2 Kd5 48. Rd2+ Kc6 49. a4 Rf1 50. Kc3 Rf3+ 51. Kc4 Rf1 52. Re2 Rc1+ 53. Kd3 Rb1 54. Kc2 Rh1 55. Rf2 Kd6 56. f5 Ke7 57. Kd3 Kf6 58. Kc4 Rc1+ 59. Kb5 Rc3 60. Rb2 Kxf5 61. Kxa5 Ke5 62. Kb6 c4 63. bxc4 Rxc4 64. a5 Rc8 65. Kb7 Rc3 66. a6 Kd6 67. Rb6+ Kd7 68. a7 Rc7+ 69. Ka6 Rc8 70. Rb8 Rc2 71. a8=Q 1-0

[Event "Quebec-ch sf"]
[Site "Montreal CAN"]
[Date "2004.06.19"]
[Round "2"]
[White "Laptos, Krzysztof"]
[Black "Tremblay, Rejean"]
[Result "0-1"]
[WhiteElo "2276"]
[BlackElo "2168"]
[PlyCount "78"]
[GameId "2160767911092299"]
[EventDate "2004.06.??"]
[EventType "swiss"]
[EventRounds "5"]
[EventCountry "CAN"]
[SourceTitle "EXT 2006"]
[Source "ChessBase"]
[SourceDate "2005.11.24"]
[SourceVersion "1"]
[SourceVersionDate "2005.11.24"]
[SourceQuality "1"]

1. g3 g6 2. Bg2 Bg7 3. c4 d6 4. Nc3 f5 5. e3 e5 6. Nge2 Nf6 7. d3 O-O 8. b4 Nc6 9. b5 Ne7 10. h4 h6 11. a4 c6 12. a5 Qc7 13. Qa4 Bd7 14. Ba3 Rfd8 15. O-O Ne8 16. Bb2 Rab8 17. Qb3 Be6 18. Rfc1 Bf7 19. a6 bxa6 20. Rxa6 cxb5 21. Nxb5 Rxb5 22. Qxb5 Rb8 23. Qa4 Rxb2 24. Rxa7 Qd8 25. Nc3 f4 26. Rd7 Qb6 27. Rxe7 fxe3 28. Bd5 exf2+ 29. Kf1 Qe3 30. Ra1 Qxg3 31. Rxe8+ Kh7 32. Bg2 Qh2 33. Ne2 Rxe2 34. Kxe2 Qxg2 35. Rf1 g5 36. Rxf2 Bh5+ 37. Ke3 Qg3+ 38. Ke4 Qxf2 39. Kd5 Qf7+ 0-1

[Event "Quebec-ch sf"]
[Site "Montreal CAN"]
[Date "2004.06.19"]
[Round "2"]
[White "Masse, Hugues"]
[Black "Charbonneau, Anne-Marie"]
[Result "1-0"]
[WhiteElo "2249"]
[BlackElo "2086"]
[PlyCount "41"]
[GameId "2160767911092301"]
[EventDate "2004.06.??"]
[EventType "swiss"]
[EventRounds "5"]
[EventCountry "CAN"]
[SourceTitle "EXT 2006"]
[Source "ChessBase"]
[SourceDate "2005.11.24"]
[SourceVersion "1"]
[SourceVersionDate "2005.11.24"]
[SourceQuality "1"]

1. d4 Nf6 2. c4 e6 3. Nc3 d5 4. cxd5 exd5 5. Bg5 Be7 6. e3 c6 7. Bd3 O-O 8. Qc2 Nbd7 9. Nge2 Re8 10. O-O Nf8 11. f3 Ng6 12. Rad1 Be6 13. Ng3 Nd7 14. Bxe7 Qxe7 15. f4 Bg4 16. Rde1 Nf6 17. f5 Nh4 18. Qf2 Nh5 19. h3 Bxh3 20. gxh3 Qg5 21. Kh2 1-0

[Event "Quebec-ch sf"]
[Site "Montreal CAN"]
[Date "2004.06.19"]
[Round "2"]
[White "Poirier, Erik"]
[Black "Godbout, Mathieu"]
[Result "1-0"]
[WhiteElo "2029"]
[BlackElo "1808"]
[PlyCount "28"]
[GameId "2160767911092302"]
[EventDate "2004.06.??"]
[EventType "swiss"]
[EventRounds "5"]
[EventCountry "CAN"]
[SourceTitle "EXT 2006"]
[Source "ChessBase"]
[SourceDate "2005.11.24"]
[SourceVersion "1"]
[SourceVersionDate "2005.11.24"]
[SourceQuality "1"]

1. d4 d5 2. c4 c6 3. Nf3 Nf6 4. Nc3 dxc4 5. a4 Bf5 6. Ne5 e6 7. Nxc4 Bb4 8. f3 O-O 9. e4 Bxe4 10. fxe4 Nxe4 11. Qd3 Qh4+ 12. g3 Nxg3 13. Qxg3 Qe4+ 14. Kf2 Qxh1 1-0

[Event "Quebec-ch sf"]
[Site "Montreal CAN"]
[Date "2004.06.19"]
[Round "2"]
[White "Ramaswamy, Kishor"]
[Black "Trahan, Daniel"]
[Result "0-1"]
[WhiteElo "2121"]
[BlackElo "1994"]
[PlyCount "57"]
[GameId "2160767911092303"]
[EventDate "2004.06.??"]
[EventType "swiss"]
[EventRounds "5"]
[EventCountry "CAN"]
[SourceTitle "EXT 2006"]
[Source "ChessBase"]
[SourceDate "2005.11.24"]
[SourceVersion "1"]
[SourceVersionDate "2005.11.24"]
[SourceQuality "1"]

1. d4 Nf6 2. Nf3 g6 3. Bg5 Bg7 4. Nbd2 d6 5. e3 O-O 6. c3 Qe8 7. Bc4 e5 8. dxe5 dxe5 9. e4 Nbd7 10. O-O h6 11. Bh4 Nb6 12. Re1 Nxc4 13. Nxc4 Nh5 14. Qc2 Bg4 15. Re3 Qb5 16. Qb3 Qc5 17. Qb4 Qxb4 18. cxb4 Nf4 19. Ncxe5 Bxf3 20. Nxf3 Bxb2 21. Rb1 Bg7 22. Bg3 Ne6 23. Rd1 Rfd8 24. Red3 Bf6 25. Ne1 Rxd3 26. Rxd3 Rd8 27. Rxd8+ Bxd8 28. Nd3 Be7 29. a4 0-1

[Event "Quebec-ch sf"]
[Site "Montreal CAN"]
[Date "2004.06.19"]
[Round "2"]
[White "Tessier, Olivier"]
[Black "Ibrahim, Anthony"]
[Result "0-1"]
[WhiteElo "2173"]
[BlackElo "2272"]
[PlyCount "98"]
[GameId "2160767911145552"]
[EventDate "2004.06.??"]
[EventType "swiss"]
[EventRounds "5"]
[EventCountry "CAN"]
[SourceTitle "EXT 2006"]
[Source "ChessBase"]
[SourceDate "2005.11.24"]
[SourceVersion "1"]
[SourceVersionDate "2005.11.24"]
[SourceQuality "1"]

1. c4 Nf6 2. Nc3 e6 3. e4 d5 4. e5 Ne4 5. Nxe4 dxe4 6. Qg4 Bd7 7. Qxe4 Bc6 8. Qe3 Na6 9. d4 Nb4 10. Kd2 Qd7 11. a3 Na6 12. Ne2 Rd8 13. b3 Be7 14. Bb2 O-O 15. Ke1 f6 16. exf6 Bxf6 17. Rd1 Qf7 18. Ng3 Bg5 19. Qe2 Nb8 20. f3 Nd7 21. Qf2 Nf6 22. Rd3 Bh4 23. Kd1 b5 24. Qc2 bxc4 25. bxc4 Bg5 26. Be2 Qd7 27. Ke1 Ba4 28. Qc3 Rb8 29. Bd1 Rb7 30. Bc1 Bxc1 31. Qxc1 Rfb8 32. Kf2 Rb2+ 33. Ne2 Rb1 34. Qe3 Qf7 35. Qf4 Qg6 36. Rd2 Rf8 37. Ke1 Nd5 38. Qe5 Nb6 39. Qxc7 Bxd1 40. Kf2 Bxe2 41. Rxb1 Qxb1 42. Rxe2 Qd3 43. Qxa7 Qxd4+ 44. Kf1 e5 45. Qb7 Nxc4 46. Qb3 Kh8 47. Qb4 Rd8 48. Qe7 Rb8 49. g3 Ne3+ 0-1

[Event "Quebec-ch sf"]
[Site "Montreal CAN"]
[Date "2004.06.19"]
[Round "3"]
[White "Beaupre, Jean-Marie"]
[Black "Audet-Bouchard, Nicolas"]
[Result "0-1"]
[WhiteElo "1741"]
[BlackElo "2084"]
[PlyCount "92"]
[GameId "2160767911145553"]
[EventDate "2004.06.??"]
[EventType "swiss"]
[EventRounds "5"]
[EventCountry "CAN"]
[SourceTitle "EXT 2006"]
[Source "ChessBase"]
[SourceDate "2005.11.24"]
[SourceVersion "1"]
[SourceVersionDate "2005.11.24"]
[SourceQuality "1"]

1. e4 e6 2. d4 d5 3. Nc3 dxe4 4. Nxe4 Bd7 5. Nf3 Bc6 6. Bd3 Nd7 7. Qe2 Ngf6 8. Bg5 Be7 9. Nxf6+ Nxf6 10. Bb5 Qd7 11. Bxc6 Qxc6 12. O-O O-O 13. Ne5 Qd5 14. Rfd1 c6 15. c4 Qd6 16. Bf4 Qb4 17. Rd3 Qa5 18. b3 Rad8 19. Rad1 Nd7 20. Ng4 Rfe8 21. Rg3 Kh8 22. h3 Bf8 23. Rf3 f6 24. Re3 Qf5 25. Rf3 Qh5 26. Ne3 e5 27. g4 Qg6 28. dxe5 Nxe5 29. Rxd8 Nxf3+ 30. Qxf3 Rxd8 31. Nf5 Qe8 32. Kg2 Qe1 33. Ne3 Qa1 34. Bc7 Re8 35. Qf5 Qd4 36. Qh5 g6 37. Qh4 Bd6 38. Bxd6 Qxd6 39. b4 Qf4 40. b5 cxb5 41. cxb5 Re5 42. a4 Rh5 43. Qg3 Qxg3+ 44. Kxg3 Rc5 45. Kf4 Rc3 46. a5 Rb3 0-1

[Event "Quebec-ch sf"]
[Site "Montreal CAN"]
[Date "2004.06.19"]
[Round "3"]
[White "Berube, Antoine"]
[Black "Robidas, Francois"]
[Result "0-1"]
[WhiteElo "2011"]
[BlackElo "1941"]
[PlyCount "68"]
[GameId "2160767911145554"]
[EventDate "2004.06.??"]
[EventType "swiss"]
[EventRounds "5"]
[EventCountry "CAN"]
[SourceTitle "EXT 2006"]
[Source "ChessBase"]
[SourceDate "2005.11.24"]
[SourceVersion "1"]
[SourceVersionDate "2005.11.24"]
[SourceQuality "1"]

1. d4 d5 2. c4 e6 3. Nc3 c5 4. cxd5 exd5 5. Nf3 Nc6 6. g3 Nf6 7. Bg2 Be7 8. O-O O-O 9. h3 Re8 10. Be3 b6 11. Rc1 c4 12. Nd2 Bb7 13. b3 cxb3 14. Nxb3 Rc8 15. Kh2 Ba3 16. Rb1 h6 17. Bc1 Bd6 18. Bb2 Bb8 19. Re1 Ne4 20. Nxe4 dxe4 21. d5 Ne5 22. Bxe4 Ng4+ 23. hxg4 Rxe4 24. Qd3 Qh4+ 25. Kg2 Qxg4 26. Rbd1 Rd8 27. Qf3 Qg6 28. Rd3 Bxd5 29. Red1 Rd4 30. Nxd4 Bxf3+ 31. Nxf3 Rxd3 32. exd3 Qc6 33. d4 Qd5 34. a3 g5 0-1

[Event "Quebec-ch sf"]
[Site "Montreal CAN"]
[Date "2004.06.19"]
[Round "3"]
[White "Charbonneau, Anne-Marie"]
[Black "Liard, Serge"]
[Result "1-0"]
[WhiteElo "2086"]
[BlackElo "1971"]
[PlyCount "89"]
[GameId "2160767911145555"]
[EventDate "2004.06.??"]
[EventType "swiss"]
[EventRounds "5"]
[EventCountry "CAN"]
[SourceTitle "EXT 2006"]
[Source "ChessBase"]
[SourceDate "2005.11.24"]
[SourceVersion "1"]
[SourceVersionDate "2005.11.24"]
[SourceQuality "1"]

1. d4 c6 2. c4 d5 3. Nf3 Nf6 4. Nc3 dxc4 5. a4 b6 6. e3 Ba6 7. Ne5 Nfd7 8. Nxc4 e6 9. Be2 Be7 10. O-O O-O 11. Qc2 Qc7 12. e4 Rd8 13. Rd1 Nf8 14. Ne5 Bxe2 15. Qxe2 Bd6 16. Nf3 Nbd7 17. e5 Be7 18. Bf4 Ng6 19. Bg3 Qb7 20. Rac1 Rac8 21. h4 Nb8 22. h5 Nf8 23. h6 Ng6 24. hxg7 Kxg7 25. Qe4 Na6 26. Nh4 Bg5 27. Rb1 Qe7 28. Nxg6 fxg6 29. Qg4 h5 30. Qe2 Nc7 31. Ne4 Ne8 32. f4 Bh6 33. Qf2 Qf7 34. Bh4 Rd7 35. Bf6+ Nxf6 36. Nxf6 Rdc7 37. Rd3 Rh8 38. Rg3 Kf8 39. Qc2 Ke7 40. Rxg6 Kd8 41. Rf1 h4 42. Rf3 Kc8 43. f5 Kb7 44. Ne4 Bf8 45. Rxe6 1-0

[Event "Quebec-ch sf"]
[Site "Montreal CAN"]
[Date "2004.06.19"]
[Round "3"]
[White "Ibrahim, Anthony"]
[Black "Anastasovski, Nikola"]
[Result "1-0"]
[WhiteElo "2272"]
[BlackElo "2091"]
[PlyCount "127"]
[GameId "2160767911145556"]
[EventDate "2004.06.??"]
[EventType "swiss"]
[EventRounds "5"]
[EventCountry "CAN"]
[SourceTitle "EXT 2006"]
[Source "ChessBase"]
[SourceDate "2005.11.24"]
[SourceVersion "1"]
[SourceVersionDate "2005.11.24"]
[SourceQuality "1"]

1. e4 e5 2. Nf3 Nc6 3. d4 exd4 4. Nxd4 Bc5 5. Be3 Qf6 6. c3 d6 7. Bc4 Ne5 8. Be2 Qg6 9. O-O Qxe4 10. Nd2 Qh4 11. Nb5 Qe7 12. Bxc5 dxc5 13. f4 Ng6 14. Bc4 a6 15. Re1 Be6 16. Bxe6 fxe6 17. Rxe6 axb5 18. Rxe7+ N8xe7 19. Qh5 O-O 20. g3 Rf5 21. Qe2 c6 22. Nf3 h6 23. Rd1 Raf8 24. Nh4 R5f7 25. Rd7 Nxh4 26. Rxe7 Ng6 27. Rxf7 Rxf7 28. Qh5 Nf8 29. Qxc5 Rd7 30. Qe3 Kf7 31. h4 Rd5 32. g4 g6 33. b3 h5 34. g5 Ne6 35. c4 bxc4 36. bxc4 Rd4 37. Qb3 Nxf4 38. Qxb7+ Ke6 39. Qxc6+ Kf5 40. Kf2 Rd2+ 41. Ke1 Rxa2 42. c5 Rh2 43. Qd7+ Ke4 44. c6 Ke3 45. Qe8+ Kd3 46. c7 Ng2+ 47. Kf1 Ne3+ 48. Kg1 Rxh4 49. c8=Q Rg4+ 50. Qxg4 hxg4 51. Qxg6+ Ke2 52. Qe4 g3 53. g6 g2 54. g7 Kd2 55. Qxe3+ Kxe3 56. g8=Q Kf3 57. Qc4 Kg3 58. Qd3+ Kf4 59. Kxg2 Ke5 60. Kf3 Ke6 61. Kf4 Ke7 62. Kf5 Kf7 63. Qd7+ Kg8 64. Kg6 1-0

[Event "Quebec-ch sf"]
[Site "Montreal CAN"]
[Date "2004.06.19"]
[Round "3"]
[White "Laptos, Krzysztof"]
[Black "Dimev, Kiril"]
[Result "1-0"]
[WhiteElo "2276"]
[BlackElo "1643"]
[PlyCount "51"]
[GameId "2160767911145558"]
[EventDate "2004.06.??"]
[EventType "swiss"]
[EventRounds "5"]
[EventCountry "CAN"]
[SourceTitle "EXT 2006"]
[Source "ChessBase"]
[SourceDate "2005.11.24"]
[SourceVersion "1"]
[SourceVersionDate "2005.11.24"]
[SourceQuality "1"]

1. e4 e5 2. Nf3 Nc6 3. Nc3 Nf6 4. d4 exd4 5. Nxd4 Bb4 6. Nxc6 bxc6 7. Bd3 d5 8. exd5 Qe7+ 9. Qe2 Qxe2+ 10. Kxe2 cxd5 11. Nb5 O-O 12. Nxc7 Rb8 13. Bg5 Ne4 14. Be3 Ba5 15. Nxd5 Re8 16. b3 Bb7 17. Bxe4 Rxe4 18. Rad1 f5 19. c4 Rd8 20. Rd3 Re5 21. Rhd1 Rexd5 22. Rxd5 Bxd5 23. Rxd5 Rxd5 24. cxd5 a6 25. Kd3 Kf7 26. Kc4 1-0